000
00293 a2200109 4500
020
_a
8123911734
082
_a
526.9 CLA
100
_a
Clark,David
245
_a
Plane and Geodetic Surveying for Engineers: Higher Surveying [Vol. 2]
_c
David Clark
250
_a
6th. ed
300
_a
288p. :
_b
ill, ;
_c
20 cm.
650
_a
survey
999
_c
189
_d
189